[Event "Lippe Cup-B 07th"]
[Site "Lieme"]
[Date "2010.10.16"]
[Round "3"]
[White "Fortenbacher, Florian"]
[Black "Henjes, Wilhelm"]
[Result "0-1"]
[WhiteElo "1378"]
[BlackElo "1567"]
[PlyCount "64"]
[EventDate "2010.10.15"]
[EventType "swiss"]
[EventRounds "5"]
[EventCountry "GER"]
[SourceTitle "EXT 2012"]
[Source "ChessBase"]
[SourceDate "2011.11.24"]
[SourceVersion "1"]
[SourceVersionDate "2011.11.24"]
[SourceQuality "1"]

1. e4 d5 2. exd5 Qxd5 3. Nc3 Qa5 4. Nf3 Nf6 5. d4 c6 6. Be2 Bf5 7. 0-0 e6 8. Nh4 Bg6 9. Nxg6 hxg6 10. Bd3 Nbd7 11. Ne4 Nxe4 12. Bxe4 0-0-0 13. Bd2 Qb6 14. Bc3 Bd6 15. g3 Nf6 16. Bg2 Bc5 17. Qe1 Bxd4 18. Ba5 Qxb2 19. Bxd8 Qxa1 20. Qa5 Qxf1+ 21. Bxf1 Rxd8 22. Kg2 Bb6 23. Qb4 Nd5 24. Qb2 Ne3+ 25. Kf3 Nxf1 26. Qxg7 Nd2+ 27. Ke2 Rd7 28. Qf8+ Kc7 29. Qh6 a6 30. a4 Ne4 31. Qf4+ Nd6 32. g4 Rd8 0-1